Campeones de la Copa España - ¡Muerte súbita! - Estadísticas

Estadísticas generales
  • Esta prueba ha sido intentada 71 veces
    65 desde el último reinicio
  • La puntuación promedio es 10 de 14
Answers on the Grid
Answers color-coded by a green-red scale on the quiz's grid according to % correct below.
Arenas Getxo
Mallorca
Deportivo La Coruña
Deportivo Alaves
Levante
Espanyol
Cadiz
Girona
Real Sociedad
Real Union
Real Betis
Real Madrid
Real Saragossa
Villareal
Sevilla
Rayo Vallecano
Getafe
Leganes
Valencia
Athletic Bilbao
Osasuna Pamplona
Atletico de Madrid
Barcelona
Las Palmas
 
Estadísticas de respuestas
Respuesta % Correcto
Real Betis
91%
Real Madrid
86%
Real Sociedad
86%
Atletico de Madrid
82%
Barcelona
82%
Sevilla
82%
Athletic Bilbao
77%
Valencia
73%
Deportivo La Coruña
68%
Espanyol
59%
Mallorca
59%
Arenas Getxo
41%
Real Union
41%
Real Saragossa
36%
No se encontraron pruebas coincidentes
Distribución de puntuación
Porcentaje de gente con cada puntuación
Porcentaje por número respondido
Historial de tus puntuaciones
No has intentado esta prueba desde el último reinicio